Statistics for Countries With Largest Prison Population

Click here to take the quiz!

General Stats

  • This quiz has been taken 44 times
  • The average score is 8 of 10

Answer Stats

Prison PopAnswer% Correct
2.121.600USA
98%
419,632India
98%
1,649,080China
95%
690,722Brazil
93%
204,422Mexico
91%
582,889Russia
88%
230,000Iran
88%
248,839Indonesia
86%
232,886Turkey
60%
364,288Thailand
49%

Score Distribution

Percentile by Number Answered

Percent of People with Each Score

Your Score History

You have not taken this quiz